000 00314nam a22001337a 4500
003 OSt
005 20160727222409.0
008 160624b xxu||||| |||| 00| 0 eng d
100 _9925
_aLambest, J
245 _aFive's A Crowd
260 _aN.Y
_b E.P Dutton & Com
_c1963
300 _aFive's A Crowd
942 _2ddc
_cBK
999 _c738
_d738